Statistics for The xx / Jamie xx Discography

Click here to take the quiz!

General Stats

  • This quiz has been taken 12 times
    (9 since last reset)
  • The average score is 18 of 66

Answer Stats

AlbumAnswer% Correct
xxIntro
80%
CoexistAngels
80%
Loud Places (featuring Romy)
60%
I Dare You
60%
VCR
60%
I See YouDangerous
60%
On Hold
60%
Sleep Sound
40%
Obvs
40%
Performance
40%
A Violent Noise
40%
Lips
40%
Say Something Loving
40%
Heart Skipped A Beat
40%
I'll Take Care of U
40%
In Colour [Jamie xx Solo Album]Gosh
40%
Swept Away
40%
Islands
40%
SeeSaw (featuring Romy)
40%
Just Saying
40%
Brave For You
40%
Reunion
40%
Try
40%
Stranger in a Room (featuring Oliver Sim)
40%
Hold Tight
40%
Test Me
40%
I Know There's Gonna Be (Good Times) [featuring Young Thug & Popcaan]
40%
The Rest is Noise
40%
Girl
40%
Far NearerFar Nearer
40%
Replica
40%
Piano Player
20%
Beat For
20%
Jazz (Interlude)
20%
Running
20%
Crystalised
20%
All Under One Roof Raving
20%
My Cloud
20%
Naive [Vinyl Bonus]
20%
Home
20%
Our Song
20%
Night Time
20%
Stars
20%
Chained
20%
Sunset
20%
Missing
20%
Tides
20%
Unfold
20%
We're New Here [Gill-Scott Heron & Jamie xx collaboration]I'm New Here
20%
Infinity
20%
Seasons Run [Vinyl Bonus]
20%
NY is Killing Me
0%
Shelter
0%
Tour Only EPBlood Red Moon
0%
Hot Like Fire (Aaliyah Cover) [iTunes Bonus Track]
0%
Do You Mind? (Kyla Cover) [Rough Trade Bonus Disc]
0%
Teardrops (Womack & Womack Cover) [Rough Trade Bonus Disc]
0%
Certain Things (Interlude)
0%
Fantasy
0%
Fiction
0%
The Crutch
0%
Ur Soul and Mine
0%
Parents (Interlude)
0%
I've Been Me (Interlude)
0%
Reconsider [Japanese Bonus Track]
0%
Basic Space
0%

Score Distribution

Percentile by Number Answered

Percent of People with Each Score

Your Score History

You have not taken this quiz since the last reset